نظرية الموسيقى العالمية

محفوظ في:

المؤلف الرئيسي: شعبان, عبد الغني

التنسيق: كتاب

اللغة: Undetermined

منشور في: Beirut Lebanese News Agency 1975

الوسوم: إضافة وسم

لا توجد وسوم, كن أول من يضع وسما على هذه التسجيلة!

رقم الطلب:

LEADER 00315nam a2200109Ia 4500
008 240503s9999||||xx |||||||||||||| ||und||
100 1 |a شعبان, عبد الغني 
245 1 0 |a نظرية الموسيقى العالمية  
264 1 |a Beirut  |b Lebanese News Agency  |c 1975 
300 |a 178  |c 24 
942 |2 lcc  |c BK 
999 |c 58315  |d 58315